000 01114cam a2200397 i 4500
001 0000834
003 DO-SdBPM
005 20250409132113.0
007 0000834
008 100514s 1992 sp a | |||| 000 f spa
015 _a
017 _a
_b
020 _a8434810026
035 _a
040 _aDO-SdBPM
_bspa
_cBPMSU
_e
080 _a
082 4 _a863.6
_bM425j 1992
_222
100 1 _aMateos, Pilar
_d1942-
245 1 0 _aJeruso quiere ser gente /
_cPilar Mateos ; ilustraciones Alfonso Ruano
_h
250 _a12a. ed.
260 _aMadrid :
_bSm,
_c1992.
300 _a108 p.:
_bil. ;
_c19 cm.
490 0 _aEl barco de vapor,
_v29/A 10
490 1 _aAzul
500 _3A partir de los 7 años
521 _aA partir de 7 años.
586 _aPremio El Barco de Vapor, 1981.
586 _aPremio Lazarillo, 1982.
590 _aInventariado, 2025/VM
650 4 _a Cuentos infantiles españoles
650 4 _aLiteratura infantil española
700 1 _aRuano, Alfonso
_eilustración
830 0 _aAzul
910 _aVMateo V. Control de calidad. BPMSU
942 _2ddc
_cBK
999 _c12163
_d12163